[Event "Piraeus"]
[Site "Piraeus"]
[Date "2025.04.15"]
[Round "6"]
[White "Lazov, Toni"]
[Black "Dobrovoljc, Vid"]
[Result "1/2-1/2"]
[WhiteElo "2410"]
[BlackElo "2402"]
[PlyCount "28"]
[EventDate "2025.04.11"]
[EventType "tourn"]
[EventRounds "9"]
[EventCountry "GRE"]
[EventCategory "6"]
[SourceTitle "CB20_2025"]
[SourceDate "2025.05.14"]
[SourceVersion "1"]
[SourceVersionDate "2025.05.14"]
[SourceQuality "1"]

1. e4 e5 2. Nf3 Nf6 3. Nc3 Nc6 4. d4 exd4 5. Nxd4 Nxe4 6. Nxc6 Nxc3 7. Nxd8 Nxd1 8. Nxf7 Kxf7 9. Bc4+ Kg6 10. Kxd1 c6 11. h4 h5 12. Be3 d5 13. Bd3+ Bf5 14. Bxf5+ Kxf5 1/2-1/2

[Event "EU-ch 25th"]
[Site "Eforie Nord"]
[Date "2025.03.26"]
[Round "11"]
[White "Boyer, Mahel"]
[Black "Lazov, Toni"]
[Result "1/2-1/2"]
[WhiteElo "2529"]
[BlackElo "2400"]
[PlyCount "77"]
[EventDate "2025.03.15"]
[EventType "swiss"]
[EventRounds "11"]
[EventCountry "ROU"]
[SourceTitle "CB13_2025"]
[SourceDate "2025.03.26"]
[SourceVersion "1"]
[SourceVersionDate "2025.03.26"]
[SourceQuality "1"]

1. d4 d6 2. e4 Nf6 3. Nc3 Nbd7 4. g4 h6 5. Nf3 e5 6. g5 hxg5 7. Bxg5 c6 8. a4 Qa5 9. Qd2 Be7 10. Rg1 a6 11. h4 b5 12. b4 Qb6 13. axb5 Bb7 14. Be3 exd4 15. Nxd4 cxb5 16. Nf5 Qc7 17. Nxg7+ Kd8 18. Bd4 Bxe4 19. 0-0-0 Rc8 20. Bg2 Rxh4 21. Bxe4 Nxe4 22. Nxe4 Rxe4 23. Nf5 Qc4 24. Bb6+ Ke8 25. Rg8+ Nf8 26. Nxe7 Rxe7 27. Rh1 Kd7 28. Bc5 Re6 29. Rhh8 Qa2 30. Qc3 dxc5 31. Rxf8 Rxf8 32. Rxf8 Rh6 33. Qd3+ Rd6 34. Rd8+ Kxd8 35. Qxd6+ Kc8 36. bxc5 Qe6 37. Qf4 Kb7 38. Qf3+ Kc7 39. Kd2 1/2-1/2

[Event "EU-ch 25th"]
[Site "Eforie Nord"]
[Date "2025.03.24"]
[Round "9"]
[White "Keinanen, Toivo"]
[Black "Lazov, Toni"]
[Result "1/2-1/2"]
[WhiteElo "2535"]
[BlackElo "2400"]
[PlyCount "31"]
[EventDate "2025.03.15"]
[EventType "swiss"]
[EventRounds "11"]
[EventCountry "ROU"]
[SourceTitle "CB13_2025"]
[SourceDate "2025.03.26"]
[SourceVersion "1"]
[SourceVersionDate "2025.03.26"]
[SourceQuality "1"]

1. c4 e5 2. g3 d6 3. Bg2 Be7 4. Nc3 f5 5. e3 Nf6 6. Nge2 0-0 7. 0-0 c6 8. d4 Na6 9. d5 Qe8 10. b3 c5 11. f4 e4 12. Bb2 Bd7 13. Qd2 h5 14. Bh3 Qg6 15. Nd1 Rab8 16. Nf2 1/2-1/2

[Event "Olympiad-45"]
[Site "Budapest"]
[Date "2024.09.16"]
[Round "6.42"]
[White "Lazov, Toni"]
[Black "Kao, Jamison Edrich"]
[Result "1-0"]
[WhiteElo "2360"]
[BlackElo "2125"]
[PlyCount "157"]
[EventDate "2024.09.11"]
[EventType "team-swiss"]
[EventRounds "11"]
[EventCountry "HUN"]
[SourceTitle "EXT 2025"]
[Source "ChessBase"]
[SourceDate "2024.10.14"]
[SourceVersion "1"]
[SourceVersionDate "2024.10.14"]
[SourceQuality "1"]
[WhiteTeam "North Macedonia"]
[BlackTeam "Hong Kong"]
[WhiteTeamCountry "MKD"]
[BlackTeamCountry "HKG"]

1. e4 c5 2. Ne2 Nc6 3. Nbc3 Nf6 4. g3 h5 5. h3 d5 6. exd5 Nxd5 7. Bg2 Nxc3 8. bxc3 Bf5 9. d3 Qd7 10. c4 e5 11. Nc3 Be7 12. Be3 h4 13. g4 Bg6 14. Be4 f5 15. gxf5 Bxf5 16. Bxf5 Qxf5 17. Ne4 0-0-0 18. Qg4 Qxg4 19. hxg4 Nd4 20. Bxd4 cxd4 21. Ke2 g5 22. Rab1 Rh6 23. Rb5 Re6 24. Rhb1 Rd7 25. a4 b6 26. Rh1 a6 27. Rbb1 Rd8 28. Rb3 Rg8 29. Rhb1 Rgg6 30. Kf3 Kc7 31. Kg2 Rg8 32. Re1 Rf8 33. Rbb1 Rf4 34. f3 Rf8 35. Re2 Re8 36. Nd2 Kd7 37. Re4 Bf6 38. Nb3 Rc6 39. Rb2 Ree6 40. Re1 Be7 41. Nd2 Kc7 42. Ne4 Rg6 43. Rbb1 Rge6 44. Re2 Kd7 45. c3 Kc7 46. f4 gxf4 47. Kf3 dxc3 48. Nxc3 Kd7 49. Nd5 Bd8 50. Rbe1 Bf6 51. Ke4 Kd6 52. Kf5 Bg7 53. g5 Rc8 54. Kg4 f3 55. Kxf3 b5 56. axb5 axb5 57. Ne3 Rf8+ 58. Kg4 Rf4+ 59. Kh5 bxc4 60. Nxc4+ Kd5 61. Re4 h3 62. Ne3+ Kd6 63. Nc4+ Kd5 64. Ne3+ Kd6 65. Rxf4 exf4 66. Nf5+ Kd5 67. Rh1 Bf8 68. Rxh3 Re5 69. Kg4 Ke6 70. Nd4+ Kd5 71. Nf5 Ke6 72. Nd4+ Kd5 73. Rh8 Be7 74. Nf5 Bxg5 75. Kxg5 f3 76. Rh3 f2 77. Rf3 Re2 78. Kf4 Kc5 79. Ng3 1-0

[Event "FRM-ch op"]
[Site "Skopje"]
[Date "2024.05.15"]
[Round "6"]
[White "Risteski, Emil"]
[Black "Lazov, Toni"]
[Result "1/2-1/2"]
[WhiteElo "2365"]
[BlackElo "2358"]
[PlyCount "104"]
[EventDate "2024.05.11"]
[EventType "swiss"]
[EventRounds "9"]
[EventCountry "MKD"]
[SourceTitle "CBM 220 Extra"]
[Source "ChessBase"]
[SourceDate "2024.07.31"]
[SourceVersion "1"]
[SourceVersionDate "2024.07.31"]
[SourceQuality "1"]

1. e4 g6 2. d4 Bg7 3. Nc3 c6 4. Nf3 d5 5. h3 dxe4 6. Nxe4 Nf6 7. Nxf6+ exf6 8. Bc4 0-0 9. 0-0 b5 10. Bb3 Nd7 11. a4 Nb6 12. axb5 cxb5 13. d5 Bb7 14. d6 Bxf3 15. Qxf3 Qxd6 16. Bf4 Qb4 17. Rfd1 Nc4 18. Rd7 Rad8 19. Raxa7 Rxd7 20. Rxd7 f5 21. Qe2 Bxb2 22. h4 Bf6 23. g3 Rc8 24. Kg2 Qc5 25. Qf3 Re8 26. Qd5 Qxd5+ 27. Rxd5 Na3 28. Rd7 Nc4 29. Rb7 Be5 30. Rxb5 Bxf4 31. Bxc4 Bd6 32. Rb6 Ba3 33. Rc6 Re5 34. Rc7 Re7 35. Rc8+ Kg7 36. Bd5 h6 37. Kf1 g5 38. h5 g4 39. c4 Kf6 40. Rh8 Kg7 41. Rc8 Bb4 42. Rb8 Re1+ 43. Kg2 Ba3 44. Rb3 Bd6 45. Rb5 Re8 46. Kf1 Bc7 47. Rb7 Re7 48. Rb3 Bd8 49. Bg2 Re5 50. Bd5 Be7 51. Rb6 Bc5 52. Rb3 Kf6 1/2-1/2

[Event "EU-chT 24th"]
[Site "Budva"]
[Date "2023.11.14"]
[Round "4.4"]
[White "Lazov, Toni"]
[Black "Blagojevic, Dragisa"]
[Result "1-0"]
[WhiteElo "2377"]
[BlackElo "2438"]
[PlyCount "83"]
[EventDate "2023.11.11"]
[EventType "team-swiss"]
[EventRounds "9"]
[EventCountry "MNE"]
[SourceTitle "CBM 217 Extra"]
[Source "ChessBase"]
[SourceDate "2024.01.31"]
[SourceVersion "1"]
[SourceVersionDate "2024.01.31"]
[SourceQuality "1"]
[WhiteTeam "North Macedonia"]
[BlackTeam "Montenegro"]
[WhiteTeamCountry "MKD"]
[BlackTeamCountry "MNE"]

1. e4 e5 2. Bc4 Nf6 3. d3 Nc6 4. Nf3 Be7 5. 0-0 0-0 6. Re1 d6 7. a4 Bg4 8. h3 Bh5 9. c3 d5 10. exd5 Nxd5 11. a5 Rb8 12. Nbd2 f6 13. Ne4 Bf7 14. d4 exd4 15. Nxd4 Ne5 16. Bb3 Qd7 17. f4 Nc6 18. Ba4 Rfd8 19. a6 Nb6 20. Nxc6 bxc6 21. Qxd7 Rxd7 22. Bxc6 Rdd8 23. Be3 Bd5 24. Bxd5+ Rxd5 25. Red1 Rbd8 26. Rxd5 Rxd5 27. Kf1 Kf7 28. Ke2 Ke6 29. b4 f5 30. Ng5+ Bxg5 31. fxg5 Kd7 32. Bxb6 cxb6 33. Rd1 Rxd1 34. Kxd1 b5 35. Kd2 Kc6 36. Kd3 Kd5 37. g3 h5 38. gxh6 gxh6 39. h4 h5 40. c4+ bxc4+ 41. Kc3 Ke4 42. b5 1-0

[Event "FRM-chT 31st"]
[Site "Ohrid"]
[Date "2023.09.01"]
[Round "7.3"]
[White "Gotovusa, Goran"]
[Black "Lazov, Toni"]
[Result "0-1"]
[WhiteElo "2172"]
[BlackElo "2358"]
[PlyCount "60"]
[EventDate "2023.08.26"]
[EventType "team-tourn"]
[EventRounds "7"]
[EventCountry "MKD"]
[SourceTitle "CBM 216 Extra"]
[Source "ChessBase"]
[SourceDate "2023.11.30"]
[SourceVersion "1"]
[SourceVersionDate "2023.11.30"]
[SourceQuality "1"]
[WhiteTeam "Prilep Pelagon"]
[BlackTeam "Skopje Alkaloid"]
[WhiteTeamCountry "MKD"]
[BlackTeamCountry "MKD"]

1. d4 d6 2. Nf3 Nd7 3. Nbd2 g6 4. c3 Bg7 5. e4 e6 6. a4 a5 7. b4 Ne7 8. Bb2 0-0 9. bxa5 d5 10. Ba3 c5 11. Bb5 Qxa5 12. 0-0 Qc7 13. Rc1 Nc6 14. exd5 exd5 15. dxc5 Rd8 16. Nb3 Nf6 17. h3 Bh6 18. Rc2 Bf5 19. Re2 Ne4 20. Qa1 Qc8 21. Bc1 Bg7 22. Nfd4 Bd7 23. Bd3 Rxa4 24. Qb2 Nxc3 25. Qxc3 Nxd4 26. Nxd4 Bxd4 27. Qb3 Ra1 28. Qxd5 Bf5 29. Bxf5 gxf5 30. Qb3 Qxc5 0-1

[Event "Arad op 16th"]
[Site "Arad"]
[Date "2023.08.12"]
[Round "8"]
[White "Rathanvel, VS."]
[Black "Lazov, Toni"]
[Result "1/2-1/2"]
[WhiteElo "2491"]
[BlackElo "2356"]
[PlyCount "29"]
[EventDate "2023.08.07"]
[EventType "swiss"]
[EventRounds "9"]
[EventCountry "ROU"]
[SourceTitle "EXT 2024"]
[Source "ChessBase"]
[SourceDate "2023.10.10"]
[SourceVersion "1"]
[SourceVersionDate "2023.10.10"]
[SourceQuality "1"]

1. e4 d6 2. d4 Nf6 3. Nc3 e5 4. Nf3 Nbd7 5. Bc4 Be7 6. 0-0 h6 7. a4 a5 8. Re1 c6 9. Ba2 0-0 10. h3 Nh7 11. Be3 Ng5 12. Nd2 Ne6 13. Nf3 Ng5 14. Nd2 Ne6 15. Nf3 1/2-1/2

[Event "Arad op 16th"]
[Site "Arad"]
[Date "2023.08.10"]
[Round "5"]
[White "Lazov, Toni"]
[Black "Brunello, Sabino"]
[Result "1/2-1/2"]
[WhiteElo "2356"]
[BlackElo "2496"]
[PlyCount "47"]
[EventDate "2023.08.07"]
[EventType "swiss"]
[EventRounds "9"]
[EventCountry "ROU"]
[SourceTitle "EXT 2024"]
[Source "ChessBase"]
[SourceDate "2023.10.10"]
[SourceVersion "1"]
[SourceVersionDate "2023.10.10"]
[SourceQuality "1"]

1. e4 c6 2. d4 d5 3. e5 Bf5 4. Nd2 e6 5. Nb3 Nd7 6. Nf3 Qc7 7. Nh4 Be4 8. f3 Bg6 9. c3 c5 10. Be2 c4 11. Nd2 Ne7 12. f4 Nf5 13. Nxf5 Bxf5 14. g4 Bg6 15. h4 h6 16. Nf1 f6 17. Be3 Be7 18. Ng3 0-0-0 19. Qd2 fxe5 20. fxe5 Rdf8 21. Nh5 Be4 22. Rh3 Rf7 23. Nf4 Nf8 24. b3 1/2-1/2